Na'ayene Gonpaalom : (Record no. 40160)
[ view plain ]
| 000 -LEADER | |
|---|---|
| fixed length control field | 00722nam a22002171a 4500 |
| 003 - CONTROL NUMBER IDENTIFIER | |
| control field | OSt |
| 005 - DATE AND TIME OF LATEST TRANSACTION | |
| control field | 20110718133202.0 |
| 008 - FIXED-LENGTH DATA ELEMENTS--GENERAL INFORMATION | |
| fixed length control field | 091005s1996 001 0 eng d |
| 020 ## - INTERNATIONAL STANDARD BOOK NUMBER | |
| Terms of availability | 0.00 |
| 040 ## - CATALOGING SOURCE | |
| Original cataloging agency | NEGST Library - Kenya |
| Language of cataloging | DLC |
| Transcribing agency | DLC |
| Modifying agency | DLC |
| 050 #4 - LIBRARY OF CONGRESS CALL NUMBER | |
| Classification number | REF BS 325.F34 1996 |
| 100 1# - MAIN ENTRY--PERSONAL NAME | |
| Personal name | Bible League of Ghana. |
| 9 (RLIN) | 8064 |
| 245 10 - TITLE STATEMENT | |
| Title | Na'ayene Gonpaalom : |
| Remainder of title | Farefare New Testament of the Bible |
| 260 ## - PUBLICATION, DISTRIBUTION, ETC. (IMPRINT) | |
| Name of publisher, distributor, etc | Bible League of Ghana, |
| Date of publication, distribution, etc | 1996. |
| 300 ## - PHYSICAL DESCRIPTION | |
| Extent | 673 p. : map. |
| 500 ## - GENERAL NOTE | |
| General note | "Frafra language of Ghana, West Africa." - T.p. verso. [Africana] |
| 600 10 - SUBJECT ADDED ENTRY--PERSONAL NAME | |
| Personal name | Bible. N.T. Farefare. 1986. |
| 9 (RLIN) | 8065 |
| 600 10 - SUBJECT ADDED ENTRY--PERSONAL NAME | |
| Personal name | Farefare language - Texts. |
| 9 (RLIN) | 8066 |
| 942 ## - ADDED ENTRY ELEMENTS (KOHA) | |
| Source of classification or shelving scheme | Library of Congress Classification |
| Koha item type | Books |
| Withdrawn status | Lost status | Source of classification or shelving scheme | Damaged status | Not for loan | Collection code | Home library | Current library | Shelving location | Date acquired | Source of acquisition | Cost, normal purchase price | Full call number | Barcode | Date last seen | Price effective from | Koha item type |
|---|---|---|---|---|---|---|---|---|---|---|---|---|---|---|---|---|
| Library of Congress Classification | Reference | AIU/NEGST - Tony Wilmot Memorial Library | AIU/NEGST - Tony Wilmot Memorial Library | Reference | 10/05/2009 | donation | 4.00 | REF BS 325.F34 1996 | R41726Y3232 | 09/26/2019 | 10/05/2009 | Africana collection ( Reference) |
